| 000 | 00617cam a22002171 4500 | ||
|---|---|---|---|
| 001 | sa 64001494 | ||
| 003 | DLC | ||
| 005 | 20260227112003.0 | ||
| 008 | 840530s1963 ii d 000 0 eng | ||
| 010 | _asa 64001494 | ||
| 035 | _a(OCoLC)10787987 | ||
| 040 |
_aDLC _cNRU _dDLC |
||
| 041 | 0 | _aenghin | |
| 042 | _apremarc | ||
| 050 | 0 | 0 |
_aPK1934 _b.S5 |
| 100 | 1 | _aSharma, R. K. | |
| 245 | 1 | 0 |
_aCambridge dictionary: _bEnglish to Roman & Hindi. |
| 260 |
_aDelhi, _bAvailable from Cambridge Book & Stationery Stores _c[1963] |
||
| 300 |
_avi, 392, xiii p. _c17 cm. |
||
| 650 | 0 |
_aEnglish language _xDictionaries _xHindi. |
|
| 999 |
_c56777 _d56777 |
||